Škoda Favorit, Forman, Pick-up (1988-1993). Technický popis, optimální využití vlastností vozu, údržba, seřizování a opravy /

Salvato in:
Dettagli Bibliografici
Autore principale: Cedrych, Mario René (Autore)
Natura: Libro
Lingua:ceco
Pubblicazione: Praha : Grada, 1993
Tags: Aggiungi Tag
Nessun Tag, puoi essere il primo ad aggiungerne!!

MARC

LEADER 00000nam a22000003a 4500
001 stu31569
005 20150617225735.6
008 940211s1993----cs------------------cze-d
020 |a 80-7169-022-8 
040 |a STU  |b slo 
041 0 |a cze 
044 |a cs 
080 |a 629.114.6. 
100 1 |a Cedrych, Mario René  |4 aut 
245 1 |a Škoda Favorit, Forman, Pick-up (1988-1993). Technický popis, optimální využití vlastností vozu, údržba, seřizování a opravy /  |c [aut.] Cedrych,Mario René 
260 |a Praha :  |b Grada,  |c 1993 
300 |a 357 s 
996 |c J*90244  |l JJSK  |s A  |a 24  |w stu31569_0002